Zákonitosti daňovej kontroly z hľadiska dĺžky jej trvania

Cieľom daňovej kontroly je zistiť, resp. preveriť skutočnosti rozhodujúce pre správne určenie dane alebo dodržiavanie osobitných predpisov. Daňová kontrola je z tohto hľadiska jedným z najvýznamnejších nástrojov v podmienkach správy daní, ktorá slúži na ochranu fiškálnych záujmov štátu (na pozadí kt...

ver descrição completa

Na minha lista:
Detalhes bibliográficos
Autor principal: Čentík, Tomáš
Formato: Capítulo de Livro
Idioma:eslovaco
Assuntos:
Tags: Adicionar Tag
Sem tags, seja o primeiro a adicionar uma tag!

MARC

LEADER 00000naa a2200000 4500
001 0253621
005 20190516094914.5
041 0 |a slo 
044 |a SK 
245 1 0 |a Zákonitosti daňovej kontroly z hľadiska dĺžky jej trvania  |c Tomáš Čentík 
520 |a Cieľom daňovej kontroly je zistiť, resp. preveriť skutočnosti rozhodujúce pre správne určenie dane alebo dodržiavanie osobitných predpisov. Daňová kontrola je z tohto hľadiska jedným z najvýznamnejších nástrojov v podmienkach správy daní, ktorá slúži na ochranu fiškálnych záujmov štátu (na pozadí ktorého je snaha maximalizovať príjmy štátneho rozpočtu) pri súčasnom zachovaní práv a právom chránených záujmov daňových subjektov a iných osôb. 
610 2 0 |a kontrola daňová 
610 2 0 |a predpisy daňové 
610 2 0 |a správa daňová 
610 2 0 |a Slovensko 
100 1 |a Čentík, Tomáš